000 00248nam a2200097Ia 4500
082 _aLP EF JAME
245 0 _aIt's the little things
100 _a JAMES, Erica Bath, 2009
_995470
942 _cBK
008 210817s9999 xx 000 0 und d
999 _c396150
_d396149